00428nam a2200121Ia 4500003000400000005001700004008004100021040001800062041000800080100004800088245013300136260003700269OSt20260127170848.0211028s2017 xx 000 0 und d cAIMIT LIBRARY aeng aReshnaja V; D Souza, Rayan Joseph.g1516123 aProject report on the effects of total quality management implementstion in performance of tvs sunsaram clayton ltd in Chennai / aMangalorebRavi Kudtarkar.c2017